Camino de la reconstrucción nacional /

Αποθηκεύτηκε σε:
Λεπτομέρειες βιβλιογραφικής εγγραφής
Κύριος συγγραφέας: Bulichov, Iliá
Μορφή: Κείμενο
Ετικέτες: Προσθήκη ετικέτας
Δεν υπάρχουν, Καταχωρήστε ετικέτα πρώτοι!

MARC

LEADER 00000 a a2200000 04500
001 756
003
040
100 |a Bulichov, Iliá  
245 |a Camino de la reconstrucción nacional /  |c Zabulónov, Yuri  
773 |g número 7; páginas 138-156  
999 |c 21190  |d 21190